Die 10 größten Städte Italiens - Statistiken

Allgemein
  • Dieses Quiz wurde 189 mal gespielt
    102 seit der letzten Aktualisierung
  • Das Durchschnittsergebnis liegt bei 8 aus 10
Antwortstatistiken
Hint Antwort % Korrekt
2.746.984 Rom
100%
1.366.155 Mailand
97%
908.082 Neapel
91%
856.745 Turin
88%
625.956 Palermo
75%
362.353 Florenz
74%
390.734 Bologna
66%
563.947 Genua
65%
315.473 Bari
60%
297.517 Catania
36%
Keine übereinstimmenden Quizze gefunden
Verteilung der Resultate
Anzahl Personen mit jedem Resultat
Perzentil nach korrekt beantworteten Fragen
Ihre Resultats-Entwicklung
Sie haben dieses Quiz seit der letzten Aktualisierung nicht gespielt